[Event "Krakow Malopolski Cup"]
[Site "Krakow"]
[Date "2022.08.04"]
[Round "1"]
[White "Wiecek, Karolina"]
[Black "Wolanski, Mikolaj"]
[Result "0-1"]
[WhiteElo "1211"]
[BlackElo "1503"]
[PlyCount "60"]
[EventDate "2022.08.04"]
[EventType "swiss"]
[EventRounds "9"]
[EventCountry "POL"]
[SourceTitle "CBM 209 Extra"]
[Source "ChessBase"]
[SourceDate "2022.09.30"]
[SourceVersion "1"]
[SourceVersionDate "2022.09.30"]
[SourceQuality "1"]

1. d4 Nf6 2. c4 e6 3. Nc3 Bb4 4. Bd2 0-0 5. e3 c5 6. Nf3 cxd4 7. exd4 d5 8. cxd5 exd5 9. Be2 Nc6 10. 0-0 Ne4 11. Qc2 Bf5 12. Bd3 Rc8 13. Rac1 Bxc3 14. Bxc3 Nb4 15. Bxb4 Rxc2 16. Rxc2 Re8 17. Rfc1 a5 18. Ba3 Ng5 19. Bxf5 Nxf3+ 20. gxf3 Qg5+ 21. Bg4 h5 22. h3 f5 23. Kh1 hxg4 24. hxg4 Qh4+ 25. Kg2 fxg4 26. fxg4 Qxg4+ 27. Kf1 Qf3 28. Kg1 Re6 29. Rc3 Rg6+ 30. Kh2 Qg2# 0-1

[Event "Ustron op-C"]
[Site "Ustron"]
[Date "2020.08.15"]
[Round "2"]
[White "Blasiak, Miroslaw"]
[Black "Wolanski, Mikolaj"]
[Result "0-1"]
[WhiteElo "1633"]
[BlackElo "1446"]
[PlyCount "48"]
[EventDate "2020.08.15"]
[EventType "swiss"]
[EventRounds "9"]
[EventCountry "POL"]
[SourceTitle "EXT 2021"]
[Source "ChessBase"]
[SourceDate "2020.10.23"]
[SourceVersion "1"]
[SourceVersionDate "2020.10.23"]
[SourceQuality "1"]

1. e4 e6 2. d4 d5 3. Nc3 Bb4 4. e5 c5 5. a3 Bxc3+ 6. bxc3 Qa5 7. Bd2 Qa4 8. Qg4 g6 9. Qd1 Nc6 10. Nf3 c4 11. Be2 Bd7 12. 0-0 0-0-0 13. Bg5 Rf8 14. Bf6 Nxf6 15. exf6 Qa5 16. Qd2 h6 17. Ne5 g5 18. f4 gxf4 19. Rxf4 Nxe5 20. dxe5 Qb6+ 21. Kh1 Rfg8 22. Rd4 Rg5 23. Bxc4 Rhg8 24. g3 dxc4 0-1